000 02002cam a22005054i 4500
003 PE-LiUPU
005 20250731172828.0
008 111116s2011 sp b 001 0 spa
020 _a9788499451763
035 _a(Sirsi) i9788499451763
040 _aPE-LiUPU
_bspa
_cPE-LiUPU
_erda
049 _aPRUA
082 0 4 _a222
_bC13
100 1 _aCarbajosa, Ignacio,
_d1967- ,
_eautor.
245 1 0 _aDe la fe nace la exégesis :
_bla interpretación de la Escritura a la luz de la historia de la interpretación sobre el Antiguo Testamento /
_cIgnacio Carbajosa.
264 1 _aEstella, Navarra :
_bEditorial Verbo Divino,
_c2011.
300 _a255 páginas ;
_c24 centímetros.
336 _atext
_2rdacontent
337 _aunmediated
_2rdamedia
338 _avolume
_2rdacarrier
490 0 _aEstudios bíblicos ;
_v43
504 _aIncluye referencias bibliografícas : páginas 233-250 e índice.
505 0 _aRevistas y colecciones -- Otras abreviaturas Introducción -- La investigación sobre la formación del Pentateuco -- La hipótesis de los documentos --Presupuestos y problemas metodológicos de la hipótesis de los documentos.
526 _aSEG42
526 _aSEG41
526 _aSEG40
526 _aSEG39
526 _aP94
526 _aP87
526 _aP86
526 _aP85
526 _aP77
526 _aP76
526 _aP35
630 _aBiblia
_pA.T.
_vCrítica e interpretación.
630 _aBiblia
_xHermenéutica.
630 _aBiblia
_xHistoriografía.
910 _bjv
942 _2ddc
_cBOOK
949 _a222 C13
_wDEWEY
_c1
_i69492
_lCCODEBUL1
_mBUL
_p37.00
_r0
_sY
_tBOOK
_u2015-7-6
_xTEOLOGIA
_PP35
_0COMPRA
_o.STAFF. Colección General
994 _aC0
_bPEPRU
596 _a1
999 _a222 C13
_wDEWEY
_c6031
_i69492
_d6031
_e2018-4-18
_f2021-11-9
_g5
_lCCODEBUL1
_mBUL
_n1
_p37.00
_q4
_r0
_sY
_tBOOK
_u2015-7-6
_xTEOLOGIA
_PP35
_0COMPRA
_o.STAFF. Colección General
980 _81
_gALBERTO SANCHEZ Responsable de Automatización